000 00668nam a2200229 i 4500
001 bg
100 1 _aKIENZLER, Iwona
_d(1956- )
245 1 0 _aEnglish business letters :
_bwzory listów angielskich w korespondencji handlowej z tłumaczeniami /
_cIwona Kienzler.
250 _aWyd. 6.
260 _aGdynia :
_bWydawnictwo IVAX,
_c1998.
300 _a217 s. ;
_c24 cm.
650 9 _aKorespondencja handlowa
650 9 _aJęzyk angielski
655 _aPodręczniki
020 _a8390242419
040 _cBPK
041 w _apoleng
080 _a811.111(07):339.56:651.7
920 _a83-902424-1-9
942 _cKS
008 s pl f |000 0 pol
999 _c53249
_d53249
856 _uhttp://koha.tu.koszalin.pl/cgi-bin/koha/opac-detail.pl?biblionumber=53249
_yKatalog online BPK